Minecraft by Letter - H - Statistics

General Stats
  • This quiz has been taken 47 times
  • The average score is 5 of 6
Answer Stats
Hint Answer % Correct
Basically the nether version of a pig Hoglin
95%
Witches and black cats live in these swamp structures Hut
93%
The item used to make a conduit, also found in buried treasure Heart of the Sea
90%
The desert version of zombies that give you food poisoning Husk
90%
One of the main passive overworld mobs, has a rare chance of spawning mixed with a skeleton Horse
80%
The only drink in the game that makes you regenerate health Honey Bottle
40%
No matching quizzes found
Score Distribution
Percent of People with Each Score
Percentile by Number Answered
Your Score History
You have not taken this quiz